000 00654nam a22001337a 4500
999 _c524445
_d524445
008 231117b ||||| |||| 00| 0 eng d
100 _aDas, Jatindra Kumar
_941836
245 _aReformulating India’s artificial inelegance regulatory framework: Retrospect and prospect
260 _aJournal of the Indian Law Institute
300 _a64(4), Oct-Dec, 2022: p.441-459
520 _aPolicymaker’s technologies researches and members of civil society from all around the world have frequently emphases the economic possibilities of deploy8ing arterial intelligence. – Reproduced
773 _aJournal of the Indian Law Institute
942 _cAR